Surveillance, Privacy and Security : Citizens' Perspectives.

Bibliographic Details
Main Author: Friedewald, Michael.
Other Authors: Burgess, J. Peter., Čas, Johann., Bellanova, Rocco., Peissl, Walter.
Format: eBook
Language:English
Published: Milton : Taylor & Francis Group, 2017.
Edition:1st ed.
Series:PRIO New Security Studies
Subjects:
Online Access:Click to View
LEADER 01667nam a22004333i 4500
001 EBC7245286
003 MiAaPQ
005 20231204023229.0
006 m o d |
007 cr cnu||||||||
008 231204s2017 xx o ||||0 eng d
020 |a 9781317213543  |q (electronic bk.) 
020 |z 9780367667887 
035 |a (MiAaPQ)EBC7245286 
035 |a (Au-PeEL)EBL7245286 
035 |a (OCoLC)1378934676 
040 |a MiAaPQ  |b eng  |e rda  |e pn  |c MiAaPQ  |d MiAaPQ 
082 0 |a 323.4482 
100 1 |a Friedewald, Michael. 
245 1 0 |a Surveillance, Privacy and Security :  |b Citizens' Perspectives. 
250 |a 1st ed. 
264 1 |a Milton :  |b Taylor & Francis Group,  |c 2017. 
264 4 |c ©2017. 
300 |a 1 online resource (311 pages) 
336 |a text  |b txt  |2 rdacontent 
337 |a computer  |b c  |2 rdamedia 
338 |a online resource  |b cr  |2 rdacarrier 
490 1 |a PRIO New Security Studies 
588 |a Description based on publisher supplied metadata and other sources. 
590 |a Electronic reproduction. Ann Arbor, Michigan : ProQuest Ebook Central, 2023. Available via World Wide Web. Access may be limited to ProQuest Ebook Central affiliated libraries.  
655 4 |a Electronic books. 
700 1 |a Burgess, J. Peter. 
700 1 |a Čas, Johann. 
700 1 |a Bellanova, Rocco. 
700 1 |a Peissl, Walter. 
776 0 8 |i Print version:  |a Friedewald, Michael  |t Surveillance, Privacy and Security  |d Milton : Taylor & Francis Group,c2017  |z 9780367667887 
797 2 |a ProQuest (Firm) 
830 0 |a PRIO New Security Studies 
856 4 0 |u https://ebookcentral.proquest.com/lib/matrademy/detail.action?docID=7245286  |z Click to View